1970 - 1980 Capitulation sans Guerre

Guardado en:
Detalles Bibliográficos
Autor principal: Miksche, F. D.
Formato: Libro
Lenguaje:Undetermined
Publicado: La Table Ronde 1966
Materias:
Etiquetas: Agregar Etiqueta
Sin Etiquetas, Sea el primero en etiquetar este registro!
Thư viện lưu trữ: Trung tâm Học liệu Trường Đại học Cần Thơ
LEADER 00488nam a2200181Ia 4500
001 CTU_87895
008 210402s9999 xx 000 0 und d
082 |a 338.9 
082 |b M636 
100 |a Miksche, F. D. 
245 0 |a 1970 - 1980 Capitulation sans Guerre 
245 0 |c F. D. Miksche 
260 |b La Table Ronde 
260 |c 1966 
650 |a Economics condition 
650 |x Development economic 
904 |i Năm 
980 |a Trung tâm Học liệu Trường Đại học Cần Thơ